[Event "Titled Tuesday intern op 28th Apr"]
[Site "Chess.com INT"]
[Date "2020.04.28"]
[Round "5"]
[White "Kazakouski, Valery"]
[Black "Rodin, Mihail"]
[Result "1-0"]
[WhiteElo "2473"]
[BlackElo "2320"]
[PlyCount "97"]
[EventDate "2020.04.28"]
[EventType "swiss (blitz)"]
[EventRounds "10"]
[EventCountry "USA"]
[SourceTitle "EXT 2021"]
[Source "ChessBase"]
[SourceDate "2020.10.23"]
[SourceVersion "1"]
[SourceVersionDate "2020.10.23"]
[SourceQuality "1"]

1. d4 d5 2. c4 e6 3. Nf3 Nf6 4. g3 c6 5. Bg2 Nbd7 6. Nbd2 Bd6 7. 0-0 0-0 8. Qc2 e5 9. dxe5 Nxe5 10. Nxe5 Bxe5 11. Nf3 Bc7 12. Rd1 Bb6 13. b3 Qe7 14. Bb2 dxc4 15. Qxc4 Be6 16. Qh4 Bd5 17. e4 Qxe4 18. Bxf6 gxf6 19. Qxf6 Qg6 20. Qf4 Qe4 21. Qxe4 Bxe4 22. Ne5 Bxg2 23. Kxg2 Rfe8 24. Nd7 Re7 25. Rd2 Ba5 26. Rd3 Rae8 27. Nf6+ Kg7 28. Nxe8+ Rxe8 29. Kf3 Re6 30. Rad1 Bb6 31. R3d2 h5 32. Re2 Rf6+ 33. Kg2 c5 34. Rd7 Rc6 35. Ree7 Rf6 36. f4 Kg6 37. Rxb7 h4 38. Kf3 hxg3 39. hxg3 Kg7 40. g4 Kg6 41. Rbd7 c4 42. bxc4 Rc6 43. Rxf7 Rxc4 44. Rg7+ Kf6 45. g5+ Kf5 46. Rgf7+ Ke6 47. Rfe7+ Kf5 48. Re5+ Kg6 49. Re6+ 1-0

[Event "Titled Tuesday intern op 28th Apr"]
[Site "Chess.com INT"]
[Date "2020.04.28"]
[Round "8"]
[White "Rodin, Mihail"]
[Black "Hilby, Craig"]
[Result "0-1"]
[WhiteElo "2320"]
[BlackElo "2433"]
[PlyCount "136"]
[EventDate "2020.04.28"]
[EventType "swiss (blitz)"]
[EventRounds "10"]
[EventCountry "USA"]
[SourceTitle "EXT 2021"]
[Source "ChessBase"]
[SourceDate "2020.10.23"]
[SourceVersion "1"]
[SourceVersionDate "2020.10.23"]
[SourceQuality "1"]

1. e4 e5 2. Nf3 Nc6 3. Nc3 Nf6 4. d4 exd4 5. Nxd4 Bb4 6. Nxc6 bxc6 7. Bd3 0-0 8. 0-0 d5 9. exd5 cxd5 10. Bg5 c6 11. Qf3 Be7 12. Rae1 Be6 13. Ne2 h6 14. Bf4 c5 15. c3 Qb6 16. b3 a5 17. Be5 Nd7 18. Bf4 a4 19. Qg3 Kh8 20. Bc7 Qb7 21. Nf4 Nf6 22. Rxe6 fxe6 23. Ng6+ Kg8 24. Nxe7+ Kf7 25. Ng6 Rfc8 26. Be5 axb3 27. axb3 Qxb3 28. Nf4 g5 29. Nh5 Nxh5 30. Qf3+ Nf4 31. g3 c4 32. Bb1 Ra1 33. Bg6+ Kxg6 34. Rxa1 Nh5 35. Ra7 Qb1+ 36. Kg2 Qe4 37. g4 Nf4+ 38. Bxf4 gxf4 39. Ra6 Kf6 40. h3 Ke5 41. Ra7 Rb8 42. Qxe4+ Kxe4 43. Rh7 d4 44. cxd4 Rc8 45. Re7 c3 46. Rxe6+ Kd3 47. Re1 c2 48. Kf3 c1Q 49. Rxc1 Rxc1 50. Kxf4 Kxd4 51. Kf5 Rf1 52. f4 Ke3 53. Kg6 Kxf4 54. Kxh6 Rh1 55. g5 Rxh3+ 56. Kg6 Rg3 57. Kf6 Rxg5 58. Ke6 Kg4 59. Kf6 Rf5+ 60. Ke6 Kf4 61. Kd6 Ke4 62. Kc6 Rd5 63. Kc7 Kd4 64. Kb6 Kc4 65. Kc6 Kd4 66. Kc7 Ke5 67. Kb6 Ke6 68. Kc6 Re5 0-1

[Event "Titled Tuesday intern op 28th Apr"]
[Site "Chess.com INT"]
[Date "2020.04.28"]
[Round "9"]
[White "Zambrano Rodriguez, Alexander"]
[Black "Rodin, Mihail"]
[Result "0-1"]
[WhiteElo "2226"]
[BlackElo "2320"]
[PlyCount "62"]
[EventDate "2020.04.28"]
[EventType "swiss (blitz)"]
[EventRounds "10"]
[EventCountry "USA"]
[SourceTitle "EXT 2021"]
[Source "ChessBase"]
[SourceDate "2020.10.23"]
[SourceVersion "1"]
[SourceVersionDate "2020.10.23"]
[SourceQuality "1"]

1. Nf3 d5 2. d4 Nf6 3. g3 c6 4. c4 e6 5. Bg2 Nbd7 6. 0-0 Bd6 7. Nc3 dxc4 8. e4 e5 9. a4 a5 10. Qe2 0-0 11. Qxc4 Qe7 12. Bg5 exd4 13. Nxd4 Ne5 14. Qe2 h6 15. Bxf6 Qxf6 16. h3 Re8 17. Rad1 Bc5 18. Nf3 Nxf3+ 19. Qxf3 Qxf3 20. Bxf3 Bxh3 21. Rfe1 Rad8 22. Kh2 Be6 23. Kg1 Bb3 24. Rxd8 Rxd8 25. Bd1 Bxd1 26. Rxd1 Rxd1+ 27. Nxd1 Bd4 28. Kf1 h5 29. Ke2 g5 30. Kd3 c5 31. Kc4 h4 0-1

[Event "Titled Tuesday intern op 14th April"]
[Site "Chess.com INT"]
[Date "2020.04.14"]
[Round "6"]
[White "Winslow, Elliott C"]
[Black "Rodin, Mihail"]
[Result "0-1"]
[WhiteElo "2150"]
[BlackElo "2320"]
[PlyCount "38"]
[EventDate "2020.04.14"]
[EventType "swiss (blitz)"]
[EventRounds "10"]
[EventCountry "USA"]
[SourceTitle "EXT 2021"]
[Source "ChessBase"]
[SourceDate "2020.10.23"]
[SourceVersion "1"]
[SourceVersionDate "2020.10.23"]
[SourceQuality "1"]

1. d4 d5 2. c4 e6 3. Nc3 c6 4. Nf3 Nf6 5. e3 Nbd7 6. Bd3 Bd6 7. Qc2 0-0 8. 0-0 Qe7 9. e4 dxc4 10. Bxc4 e5 11. d5 Rd8 12. Bg5 h6 13. Bh4 Nf8 14. Rad1 Ng6 15. Bxf6 Qxf6 16. Ne2 Bg4 17. Rd3 b5 18. Bb3 c5 19. h3 Bd7 0-1

[Event "Titled Tuesday intern op 1st May"]
[Site "Chess.com INT"]
[Date "2018.05.01"]
[Round "5"]
[White "Leenhouts, Koen"]
[Black "Rodin, Mihail"]
[Result "1-0"]
[WhiteElo "2485"]
[BlackElo "2321"]
[PlyCount "53"]
[EventDate "2018.05.01"]
[EventType "swiss (blitz)"]
[EventRounds "10"]
[EventCountry "USA"]
[SourceTitle "EXT 2021"]
[Source "ChessBase"]
[SourceDate "2020.10.23"]
[SourceVersion "1"]
[SourceVersionDate "2020.10.23"]
[SourceQuality "1"]

1. d4 d5 2. c4 e6 3. Nf3 Nf6 4. g3 c6 5. Bg2 Nbd7 6. 0-0 Bd6 7. b3 Qe7 8. Bb2 0-0 9. Nc3 a6 10. Re1 e5 11. dxe5 Nxe5 12. Nxe5 Bxe5 13. cxd5 cxd5 14. Nxd5 Nxd5 15. Bxe5 Ne3 16. Qd6 Re8 17. Qxe7 Rxe7 18. Bd6 Re6 19. fxe3 Rxd6 20. Rad1 Rxd1 21. Rxd1 g6 22. Rd8+ Kg7 23. Bh3 f5 24. e4 Kf6 25. exf5 gxf5 26. e4 b5 27. Bxf5 1-0

[Event "Titled Tuesday intern op 1st May"]
[Site "Chess.com INT"]
[Date "2018.05.01"]
[Round "10"]
[White "Rodin, Mihail"]
[Black "Ali Marandi, Cemil Can"]
[Result "0-1"]
[WhiteElo "2321"]
[BlackElo "2521"]
[PlyCount "82"]
[EventDate "2018.05.01"]
[EventType "swiss (blitz)"]
[EventRounds "10"]
[EventCountry "USA"]
[SourceTitle "EXT 2021"]
[Source "ChessBase"]
[SourceDate "2020.10.23"]
[SourceVersion "1"]
[SourceVersionDate "2020.10.23"]
[SourceQuality "1"]

1. e4 e6 2. d4 d5 3. Nd2 Be7 4. Ngf3 Nf6 5. Bd3 c5 6. c3 cxd4 7. cxd4 dxe4 8. Nxe4 Nc6 9. 0-0 0-0 10. Be3 Nd5 11. Rc1 Re8 12. a3 Bf8 13. Qe2 g6 14. Rfd1 Bg7 15. Bg5 Nce7 16. Bc4 h6 17. Be3 Nf5 18. Nc5 b6 19. Na6 Ndxe3 20. fxe3 Bb7 21. Bb5 Re7 22. Nb4 Rc7 23. Rxc7 Qxc7 24. Bd3 a5 25. Nc2 Rc8 26. Nce1 Nd6 27. e4 b5 28. e5 Nc4 29. a4 Qb6 30. Kh1 Bd5 31. axb5 Qxb5 32. Rc1 Qb4 33. h3 Nb6 34. Rxc8+ Nxc8 35. Qc2 Ne7 36. Nd2 Qxd4 37. Nef3 Qf2 38. Qc7 Nf5 39. Bxf5 gxf5 40. Qxa5 Bxe5 41. Nxe5 Qxg2# 0-1

[Event "Titled Tuesday intern op 6th Dec 10am"]
[Site "Chess.com INT"]
[Date "2016.12.06"]
[Round "1"]
[White "Oberholzer, Francois"]
[Black "Rodin, Mihail"]
[Result "1-0"]
[WhiteElo "2034"]
[BlackElo "2321"]
[PlyCount "125"]
[EventDate "2016.12.06"]
[EventType "swiss (blitz)"]
[EventRounds "9"]
[EventCountry "USA"]
[SourceTitle "EXT 2021"]
[Source "ChessBase"]
[SourceDate "2020.10.23"]
[SourceVersion "1"]
[SourceVersionDate "2020.10.23"]
[SourceQuality "1"]

1. e4 e5 2. Nf3 Nc6 3. Bb5 a6 4. Ba4 Bc5 5. c3 Nge7 6. 0-0 Ba7 7. d4 exd4 8. cxd4 d5 9. e5 0-0 10. Nc3 Bg4 11. Be3 Bxf3 12. gxf3 Nf5 13. Bxc6 bxc6 14. Ne2 Qh4 15. Qd3 g6 16. Rac1 Qh3 17. Bg5 Qh5 18. f4 f6 19. Bxf6 Rxf6 20. exf6 Nh4 21. Ng3 Qg4 22. Kh1 Rf8 23. f3 Qxf4 24. Rxc6 Bxd4 25. Rxc7 Qxc7 26. Qxd4 Qd7 27. Qxh4 Qb5 28. Rf2 Qc4 29. Qxc4 dxc4 30. Ne4 Kf7 31. Rc2 Ke6 32. Rxc4 Kd5 33. Ra4 h6 34. Rxa6 Kd4 35. Ra7 Ke3 36. f7 Kxf3 37. Nc5 Rd8 38. Ra3+ Kf2 39. Nd3+ Ke2 40. Nf4+ Kf2 41. Nh3+ Ke2 42. Kg2 Rf8 43. Rf3 g5 44. Nf2 h5 45. Ne4 g4 46. Rf6 Ke3 47. Ng5 h4 48. Nh7 h3+ 49. Kg3 Rc8 50. f8Q Rc2 51. Qe7+ Kd2 52. Rd6+ Kc1 53. Qe1+ Kxb2 54. Rd2 Rxd2 55. Qxd2+ Ka3 56. Kxg4 Ka4 57. Nf6 Kb5 58. Qc3 Kb6 59. Qc4 Ka5 60. Qb3 Ka6 61. Nd5 Ka5 62. Qb4+ Ka6 63. Qb6# 1-0

[Event "Titled Tuesday intern op 6th Dec 10am"]
[Site "Chess.com INT"]
[Date "2016.12.06"]
[Round "6"]
[White "Sethuraman, SP."]
[Black "Rodin, Mihail"]
[Result "1-0"]
[WhiteElo "2647"]
[BlackElo "2321"]
[PlyCount "83"]
[EventDate "2016.12.06"]
[EventType "swiss (blitz)"]
[EventRounds "9"]
[EventCountry "USA"]
[SourceTitle "EXT 2021"]
[Source "ChessBase"]
[SourceDate "2020.10.23"]
[SourceVersion "1"]
[SourceVersionDate "2020.10.23"]
[SourceQuality "1"]

1. e4 e5 2. Nf3 Nc6 3. Bb5 a6 4. Ba4 Bc5 5. c3 Nge7 6. 0-0 Ba7 7. d4 exd4 8. cxd4 d5 9. exd5 Nxd5 10. Re1+ Be6 11. Nc3 0-0 12. Bg5 Qd6 13. Ne4 Qb4 14. Bxc6 bxc6 15. Qc2 Bxd4 16. Bd2 Qxb2 17. Qd3 Qxa1 18. Rxa1 Bxa1 19. Neg5 g6 20. Nxe6 fxe6 21. Qc4 Rab8 22. h4 Rb6 23. Qe4 c5 24. a4 Rd6 25. h5 Nf6 26. Qb1 Bd4 27. hxg6 e5 28. gxh7+ Nxh7 29. Qb3+ Kg7 30. Be3 Rf7 31. Qc2 Nf6 32. Nh4 Rd8 33. Qg6+ Kf8 34. Bh6+ Ke8 35. Nf5 e4 36. Bg5 c4 37. Nxd4 Rxd4 38. Bxf6 Rd6 39. Qxe4+ Kf8 40. Bd4 Rfd7 41. Bc5 c3 42. Bxd6+ 1-0